000 00609nam a22002057a 4500
003 UA-OsUOA
001 11698
007 ta
008 20050405b un ||||| |||| 00| 0 ukr d
100 _aЮрлова Н.
942 _cSA
040 _aUA-OsUOA
_bukr
_cUA-OsUOA
_dUA-OsUOA
245 _aГідна праця в Данії: зайнятість, соціальна та економічна політика
300 _aС.44-51
955 _a0
041 _aukr
044 _aUA
773 0 _w0
_tУкраїна: аспекти праці
_dК.
_d2005
_gN2
650 7 _aЕкономіка праці
_2UDC
999 _c297859
_d297859